00394nam a22001457a 4500003000400000005001700004008004100021020001900062040001800081082001800099100002400117245005800141260004000199300000900239OSt20200606120142.0191101b ||||| |||| 00| 0 eng d a 9788189229870 cMESKC library a891.43bSIY/R aSiyal, Shanti Kumar aRajbasha hindi aur uska swaroop /cShanti Kumar Siyal aDelhi :bParampara Prakashan,c2013 a207p